[Event "Lima Santisimo Nombre de Jesus 4"]
[Site "Lima"]
[Date "2014.08.06"]
[Round "?"]
[White "Cosme Contreras, Trilce"]
[Black "Hilares Chavez, Carlos Amir"]
[Result "1-0"]
[WhiteElo "1698"]
[BlackElo "1571"]
[PlyCount "54"]
[EventDate "2014.08.04"]
[EventType "swiss"]
[EventRounds "8"]
[EventCountry "PER"]
[SourceTitle "EXT 2024"]
[Source "ChessBase"]
[SourceDate "2023.10.10"]
[SourceVersion "1"]
[SourceVersionDate "2023.10.10"]
[SourceQuality "1"]

1. c4 e5 2. Nc3 Nf6 3. g3 Bc5 4. Bg2 d6 5. e3 c6 6. Nge2 Be6 7. d4 exd4 8. exd4 Bb4 9. Qd3 d5 10. c5 0-0 11. 0-0 Qd7 12. a3 Ba5 13. b4 Bc7 14. Bf4 Bf5 15. Qd2 Na6 16. f3 Bg6 17. g4 Rae8 18. Rfe1 Re7 19. Bg5 Re6 20. Nf4 Bxf4 21. Bxf4 Rxe1+ 22. Rxe1 Re8 23. Re2 Nc7 24. Bxc7 Qxc7 25. Rxe8+ Nxe8 26. f4 f6 27. f5 Bf7 1-0

[Event "Lima Santisimo Nombre de Jesus 2"]
[Site "Lima"]
[Date "2014.05.04"]
[Round "8"]
[White "Hilares Chavez, Carlos Amir"]
[Black "Contreras Huaman, Fiorella Daiana"]
[Result "1-0"]
[WhiteElo "1567"]
[BlackElo "1243"]
[PlyCount "95"]
[EventDate "2014.04.26"]
[EventType "swiss"]
[EventRounds "8"]
[EventCountry "PER"]
[SourceTitle "EXT 2024"]
[Source "ChessBase"]
[SourceDate "2023.10.10"]
[SourceVersion "1"]
[SourceVersionDate "2023.10.10"]
[SourceQuality "1"]

1. e4 c5 2. Nf3 Nc6 3. d4 cxd4 4. Nxd4 e6 5. Be2 d6 6. 0-0 Be7 7. Nc3 Nf6 8. Be3 0-0 9. f3 a6 10. a3 Nxd4 11. Qxd4 b5 12. Rad1 Bb7 13. e5 dxe5 14. Qxe5 Qb8 15. Qxb8 Raxb8 16. Rd2 Rfd8 17. Rfd1 Kf8 18. Kf2 Ke8 19. f4 b4 20. Rxd8+ Rxd8 21. axb4 Bxb4 22. Nb1 Rxd1 23. Bxd1 Ne4+ 24. Kf1 Bc6 25. c3 Bb5+ 26. Be2 Bxe2+ 27. Kxe2 Bc5 28. Nd2 Bxe3 29. Kxe3 Nxd2 30. Kxd2 Kd7 31. Kd3 Kd6 32. b4 f6 33. c4 Kc6 34. Ke4 Kd6 35. g4 g6 36. g5 f5+ 37. Kd4 Kc6 38. Ke5 Kd7 39. c5 Ke7 40. c6 Kd8 41. Kxe6 Kc7 42. Kd5 Kc8 43. Kd6 Kd8 44. c7+ Kc8 45. Kc6 h6 46. gxh6 g5 47. h7 gxf4 48. h8R# 1-0

[Event "Pan American-ch U14 24th"]
[Site "Pocos de Caldas"]
[Date "2013.07.27"]
[Round "3.8"]
[White "Hilares Chavez, Carlos Amir"]
[Black "Escalante Ramirez, Brian Sebastian"]
[Result "0-1"]
[WhiteElo "1557"]
[BlackElo "1841"]
[PlyCount "36"]
[EventDate "2013.07.25"]
[EventType "swiss"]
[EventRounds "9"]
[EventCountry "BRA"]
[SourceTitle "EXT 2016"]
[Source "ChessBase"]
[SourceDate "2015.10.08"]
[SourceVersion "1"]
[SourceVersionDate "2015.10.08"]
[SourceQuality "1"]

1. e4 c5 2. Nf3 d6 3. d4 cxd4 4. Nxd4 Nf6 5. Nc3 g6 6. Be3 Bg7 7. Be2 0-0 8. 0-0 Nc6 9. f4 Qb6 10. Qd2 Nxe4 11. Nxe4 Bxd4 12. Bxd4 Nxd4 13. Kh1 Nxe2 14. Qxe2 Qxb2 15. g4 b6 16. Qd3 Bxg4 17. Rae1 Bf5 18. a4 Rac8 0-1